000 00849nam a2200277 a 4500
003 CO-ViMGA
005 20230915233552.0
008 060907s1999 sp a jr 0001j spa d
020 _a8423650413
040 _aCO-ViMGA
_bspa
_cCO-ViMGA
041 0 _aspa
043 _as-ag---
082 0 4 _aPALb
_bP15b
_219 ed.
100 1 _aPallarés, Albert.
_910778
245 1 3 _aEl bosque es de todos /
_ctexto e ilustraciones Albert Pallarés.
250 _a4a. ed.
260 3 _aBarcelona :
_bEdebé,
_c1999.
300 _a[30] p. :
_bil. ;
_c19 cm.
440 0 _aPrimeros lectores
_910780
440 0 _aTren azul ;
_v35
_910779
521 _aRecomendado para niños a partir de 5 años.
650 1 4 _aBosques
_v Cuentos infantiles.
_98189
650 1 4 _aCuentos infantiles españoles.
_91012
942 _2ddc
_cBK
949 _an
_bn
999 _c36824
_d36824